| 000 | 00895nam a22002657a 4500 | ||
|---|---|---|---|
| 003 | dpl0 | ||
| 005 | 20180716145839.0 | ||
| 008 | 180716b xxu||||| |||| 00| 0 eng d0 | ||
| 010 | _aB-192163,B-192167 | ||
| 020 |
_c00.00 _a0070583498 |
||
| 035 | _aB-192163 | ||
| 037 | _bCen Lib/Ret | ||
| 040 |
_aDPL _bEN _c0 |
||
| 082 |
_a658.153 _bKUM |
||
| 100 |
_aKumaraswamy, Sharada _937810 |
||
| 245 |
_aCorporate insurance : _cby Sharada Kumaraswamy [and] V. Kumaraswamy _ba primer for business managers, CEOs and CFOs / |
||
| 260 |
_aNew Delhi _bTata McGraw Hill Publishing Company _c2005 |
||
| 270 |
_a7 West Patel Nagar _bNew Delhi _e110008 |
||
| 300 |
_a371p. _c24cm(Hb) |
||
| 500 | _aIncludes glossary and index | ||
| 650 |
_aBusiness studies _991997 |
||
| 650 |
_aCororate insurance _937812 |
||
| 700 |
_aKumarswamy, V _937813 |
||
| 942 |
_2ddc _cEN _h658.153 _mKUM |
||
| 999 |
_c133390 _d133390 |
||